Statistics for Perfect Lyrics - Ed Sheeran

Click here to take the quiz!

General Stats

  • This quiz has been taken 368 times
    (367 since last reset)
  • The average score is 240 of 286

Answer Stats

Answer% Correct
I
99%
a
98%
you
98%
You
98%
be
96%
Be
96%
in
95%
love,
95%
love.
95%
love
95%
me.
95%
me
95%
my
95%
perfect.
95%
perfect
95%
the
95%
To
95%
to
95%
an
94%
so
93%
and
92%
And
92%
for
92%
found
92%
girl,
92%
We
92%
we
92%
Darling,
91%
darling,
91%
just
91%
look
89%
tonight.
89%
we're
89%
were
89%
When
89%
when
89%
beautiful
88%
beautiful.
88%
know.
88%
know
88%
on
86%
your
86%
sweet.
85%
our
84%
arms.
83%
fell
83%
follow
83%
it,
83%
it
83%
kids
83%
kids,
83%
this
83%
this,
83%
this.
83%
with
83%
dancing
82%
dark,
82%
dark
82%
lead.
82%
right
82%
between
81%
favourite
81%
is
81%
song.
81%
listening
80%
what
80%
all
79%
Baby,
79%
dive
79%
don't
79%
knew
79%
Not
79%
not
79%
that
79%
grass,
78%
hold
78%
I'll
78%
was.
78%
eyes,
77%
eyes.
77%
never
77%
she
77%
She
77%
waiting
77%
Barefoot
76%
But
76%
but
76%
deserve
76%
heart
76%
see.
76%
see
76%
than
76%
time.
76%
knowing
75%
own.
75%
will
75%
woman,
75%
I'm
74%
man
74%
of
74%
someone
74%
home.
72%
Oh,
72%
Oh
72%
said
72%
anyone
71%
are
71%
breath.
71%
children
71%
hand.
71%
kiss
71%
underneath
71%
dress,
70%
give
70%
stronger
70%
up
70%
whispered
70%
carry
69%
mess,
69%
slow,
69%
have
68%
her
68%
looked
68%
mine
68%
more
68%
share
68%
dreams,
67%
you're
67%
'Cause
66%
heard
66%
hope
66%
Well
66%
Well,
66%
we'll
66%
future
65%
looks
64%
someday
64%
angel
63%
looking
63%
holding
62%
shares
62%
secrets.
61%
person.
60%
met
59%
alright
56%
still
56%
against
55%
faith
55%
Fighting
55%
Now
53%
odds.
53%

Score Distribution

Percentile by Number Answered

Percent of People with Each Score

Your Score History

You have not taken this quiz since the last reset